000 00350cam a22001097a 4500
008 180718b1980 xxu||||| |||| 00| 0 eng d
082 _aT19x54 Si64t c.2
100 _aSinghnia, Hari Shankar
245 _aToday and tomorrow : perspectives for Indian economy
_cby Hari Shankar Singhnia
260 _aDelhi
_bIndraprastha Press
_c1980
300 _axiv,218p.
999 _c501640
_d501640